Les huiles pour moteurs et le graissage des moteurs
Wedi'i Gadw mewn:
| Prif Awdur: | |
|---|---|
| Fformat: | Llyfr |
| Iaith: | Sbaeneg |
| Cyhoeddwyd: |
París
Technip
1962
|
| Cyfres: | Science et Technique du Pétrole, 3
|
| Pynciau: | |
| Tagiau: |
Ychwanegu Tag
Dim Tagiau, Byddwch y cyntaf i dagio'r cofnod hwn!
|
MARC
| LEADER | 00000nam a2200000 a 4500 | ||
|---|---|---|---|
| 001 | UCP2219 | ||
| 003 | CL-VaPUC | ||
| 008 | 990507e19620000FR |||||||||||||||||spa|d | ||
| 082 | 0 | 4 | |a 621.89 |b SCH |2 21 |
| 100 | 0 | |a Schilling, Alphonse |e author |9 428761 | |
| 245 | 1 | 4 | |a Les huiles pour moteurs et le graissage des moteurs |
| 300 | |a 2 v | ||
| 942 | |c BK | ||
| 945 | |d 19990507 00:00:00 |a cmena | ||
| 260 | |a París |b Technip |c 1962 | ||
| 650 | 7 | |a LUBRICANTES |2 CL-VaPUC |9 357608 | |
| 650 | 7 | |a LUBRICACION |2 CL-VaPUC |9 364114 | |
| 650 | 0 | |a Motores |9 334293 | |
| 650 | 0 | |a Aceites lubricantes |9 361175 | |
| 650 | 7 | |a PRODUCTOS DEL PETROLEO |2 CL-VaPUC |9 428762 | |
| 650 | 0 | |a Viscosidad |9 260583 | |
| 650 | 0 | |a Grasas lubricantes |9 364116 | |
| 650 | 0 | |a Tribología |9 428763 | |
| 583 | |a last modification |c 19990507 00:00:00 |k Rodrigo Vera | ||
| 490 | 0 | |a Science et Technique du Pétrole, 3 | |
| 999 | |c 280780 |d 280778 | ||